[Event "Skakligaen 2019-20"]
[Site "Denmark"]
[Date "2020.02.23"]
[Round "7.4"]
[White "Rasmussen, Casper Dahl"]
[Black "Veng, Johnni"]
[Result "1-0"]
[WhiteElo "2304"]
[BlackElo "2253"]
[PlyCount "123"]
[EventDate "2019.11.23"]
[EventType "team-tourn"]
[EventRounds "9"]
[WhiteTeam "OBRO"]
[BlackTeam "Nordre"]
[WhiteTeamCountry "DEN"]
[BlackTeamCountry "DEN"]

1. Nf3 Nf6 2. c4 c5 3. g3 g6 4. Bg2 Bg7 5. O-O O-O 6. Nc3 Nc6 7. d4 d6 8. d5
Na5 9. Nd2 a6 10. Qc2 Rb8 11. b3 b5 12. Bb2 e5 13. dxe6 fxe6 14. cxb5 axb5 15.
Nce4 Bb7 16. Rad1 Qe7 17. Nxf6+ Bxf6 18. Bxf6 Qxf6 19. Bxb7 Nxb7 20. Qd3 Qb2
21. Qxb5 Qxa2 22. Qd7 Rfe8 23. Ne4 Qb2 24. Nxd6 Nxd6 25. Rxd6 Qxb3 26. Rc6 Qd5
27. Qxd5 exd5 28. Rxc5 Rxe2 29. Rxd5 Rb7 30. h4 Kg7 31. Rd3 Rf7 32. Rc3 Rd2 33.
Re3 Rc2 34. Kg2 h6 35. Rf3 Rxf3 36. Kxf3 Rc3+ 37. Ke4 Kf6 38. Ra1 Rc4+ 39. Kd3
Rc6 40. Ra5 Re6 41. h5 gxh5 42. Rxh5 Kg6 43. g4 Re1 44. f3 Kg7 45. Kd4 Kg6 46.
Re5 Ra1 47. Ke4 Ra4+ 48. Ke3 Ra3+ 49. Kf4 Ra4+ 50. Re4 Ra6 51. Rd4 Rb6 52. Rd5
Ra6 53. Ke4 Ra1 54. Rd6+ Kg7 55. f4 Rb1 56. Ke5 Rb5+ 57. Ke6 Rb4 58. Rd7+ Kf8
59. f5 Rb6+ 60. Rd6 Rb4 61. Rd8+ Kg7 62. f6+ 1-0

[Event "Skakligaen 2019-20"]
[Site "Denmark"]
[Date "2020.02.23"]
[Round "7.5"]
[White "Christensen, Jan Schleicher"]
[Black "Hansen, Soren Bech"]
[Result "1/2-1/2"]
[WhiteElo "2177"]
[BlackElo "2221"]
[PlyCount "77"]
[EventDate "2019.11.23"]
[EventType "team-tourn"]
[EventRounds "9"]
[WhiteTeam "Nordre"]
[BlackTeam "OBRO"]
[WhiteTeamCountry "DEN"]
[BlackTeamCountry "DEN"]

1. d4 f5 2. Bf4 Nf6 3. e3 e6 4. Nf3 Be7 5. c4 d5 6. Nc3 c6 7. Bd3 O-O 8. Qc2
Ne4 9. g4 Qa5 10. gxf5 exf5 11. Ke2 Be6 12. Ne5 Nd6 13. c5 Ne8 14. b4 Qd8 15.
a4 g5 16. Bg3 Ng7 17. h4 gxh4 18. Bf4 Nd7 19. Rag1 Kh8 20. Nf3 Bf7 21. Bg5 Bh5
22. Bh6 Rf7 23. Bxg7+ Rxg7 24. Rxg7 Kxg7 25. Bxf5 Qf8 26. Rg1+ Kh8 27. Ke1 Bxf3
28. Bxd7 Qh6 29. Qf5 Rf8 30. Be6 Qf6 31. Qxf6+ Bxf6 32. Ne2 Bxe2 33. Kxe2 Bxd4
34. Kd3 Bf6 35. f4 Re8 36. Bf7 Rf8 37. Be6 Re8 38. Bf7 Rf8 39. Be6 1/2-1/2

[Event "Skakligaen 2019-20"]
[Site "Denmark"]
[Date "2020.02.23"]
[Round "7.6"]
[White "Larsen, Karsten"]
[Black "Klitgaard, Thomas"]
[Result "1-0"]
[WhiteElo "2259"]
[BlackElo "2173"]
[PlyCount "189"]
[EventDate "2019.11.23"]
[EventType "team-tourn"]
[EventRounds "9"]
[WhiteTeam "OBRO"]
[BlackTeam "Nordre"]
[WhiteTeamCountry "DEN"]
[BlackTeamCountry "DEN"]

1. Nf3 d5 2. d4 Nf6 3. Bf4 e6 4. e3 Bd6 5. Bg3 O-O 6. Nbd2 b6 7. c3 c5 8. Ne5
Bb7 9. Bd3 Nc6 10. f4 Ne7 11. Qf3 Nf5 12. Bf2 Be7 13. O-O Nd6 14. Bh4 Nfe4 15.
Bxe7 Qxe7 16. Qe2 a5 17. Rf3 f6 18. Ng4 f5 19. Ne5 Nxd2 20. Qxd2 Nf7 21. Qe2
Nxe5 22. fxe5 c4 23. Bc2 b5 24. g4 g6 25. gxf5 gxf5 26. Kh1 Kh8 27. Rg1 Rg8 28.
Rfg3 Rxg3 29. Rxg3 Rg8 30. Qh5 Bc6 31. Qh6 Be8 32. Rxg8+ Kxg8 33. Bd1 Bg6 34.
h4 Be8 35. Kh2 Bd7 36. Kg3 Qg7+ 37. Qg5 h6 38. Qxg7+ Kxg7 39. Kf2 Be8 40. Be2
Kf8 41. Ke1 Ke7 42. Kd2 Kd8 43. Kc2 Bg6 44. Kc1 Kc7 45. b3 Be8 46. Kb2 Kb6 47.
Ka3 Kc7 48. Bd1 Kb6 49. Bf3 Kc7 50. Kb2 Kb6 51. Be2 Kc7 52. a4 cxb3 53. axb5 a4
54. c4 dxc4 55. Bxc4 Bd7 56. Ka3 Kb6 57. Kxa4 b2 58. Ba2 Bxb5+ 59. Kb3 Kc7 60.
Kxb2 Kd7 61. Kc3 Ke7 62. Kb4 Be8 63. Kc5 Bh5 64. Bc4 Bd1 65. Kb4 Bc2 66. Kc3
Be4 67. Kd2 Bc6 68. Ke1 Be4 69. Kf2 Kf7 70. Kg3 Ke7 71. Kf4 Kf7 72. Be2 Bb1 73.
Bf3 Ba2 74. d5 exd5 75. Kxf5 Bb1+ 76. Kf4 Ba2 77. Bg4 Bc4 78. Bf5 Be2 79. Kg3
Bh5 80. Kf2 Bg6 81. Bg4 Ke7 82. Ke2 Kd8 83. Kd2 Kc7 84. Kc3 Kc6 85. Kd4 Be8 86.
Bd1 Bf7 87. Bb3 Be6 88. e4 Bg4 89. exd5+ Kd7 90. Ke4 Be2 91. Kf5 Ke7 92. d6+
Kd7 93. Ba4+ Kd8 94. Kg6 h5 95. e6 1-0

[Event "Skakligaen 2019-20"]
[Site "Denmark"]
[Date "2020.02.23"]
[Round "7.7"]
[White "Holst, Per"]
[Black "Simonsen, Carsten"]
[Result "1/2-1/2"]
[WhiteElo "2153"]
[BlackElo "2232"]
[PlyCount "62"]
[EventDate "2019.11.23"]
[EventType "team-tourn"]
[EventRounds "9"]
[WhiteTeam "Nordre"]
[BlackTeam "OBRO"]
[WhiteTeamCountry "DEN"]
[BlackTeamCountry "DEN"]

1. d4 Nf6 2. c4 g6 3. Nc3 d5 4. Nf3 Bg7 5. Bg5 Ne4 6. cxd5 Nxg5 7. Nxg5 e6 8.
Nf3 exd5 9. e3 O-O 10. Bd3 c6 11. O-O a5 12. a3 Be6 13. Ne5 Nd7 14. Nxd7 Qxd7
15. b4 Qd6 16. Qb3 b5 17. Rab1 Rfb8 18. Rfc1 Bf8 19. Qd1 f5 20. Bc2 Qd7 21. Ne2
axb4 22. axb4 Bd6 23. Nf4 Ra3 24. Nd3 Rba8 25. Bb3 R8a6 26. Nc5 Bxc5 27. Rxc5
Qa7 28. h3 Ra1 29. Rcc1 Rxb1 30. Rxb1 Qe7 31. Qd2 Qd6 1/2-1/2

[Event "Skakligaen 2019-20"]
[Site "Denmark"]
[Date "2020.02.23"]
[Round "7.8"]
[White "Schou Moldt, Thomas"]
[Black "Hoiberg, Nina"]
[Result "1-0"]
[WhiteElo "2173"]
[BlackElo "2187"]
[PlyCount "80"]
[EventDate "2019.11.23"]
[EventType "team-tourn"]
[EventRounds "9"]
[WhiteTeam "OBRO"]
[BlackTeam "Nordre"]
[WhiteTeamCountry "DEN"]
[BlackTeamCountry "DEN"]

1. e4 e5 2. Nf3 Nc6 3. Bc4 Nf6 4. d3 Bc5 5. c3 O-O 6. Bb3 d5 7. Qe2 Bg4 8. h3
Be6 9. Bg5 dxe4 10. dxe4 Bxb3 11. axb3 h6 12. Bh4 g5 13. Bg3 Nh5 14. Bh2 Qf6
15. Nbd2 a5 16. g4 Nf4 17. Bxf4 Qxf4 18. h4 Be7 19. hxg5 hxg5 20. Rh3 Kg7 21.
O-O-O a4 22. Rdh1 Rg8 23. bxa4 Rxa4 24. Kb1 Qxg4 25. Rg3 Qe6 26. Nxg5 Bxg5 27.
Rxg5+ Kf8 28. Qe3 Rxg5 29. Qxg5 Ke8 30. Rh8+ Kd7 31. Rh6 Qa2+ 32. Kc2 Kc8 33.
Qg8+ Kd7 34. Qg4+ Ke7 35. Qg5+ Kd7 36. Qf5+ Ke7 37. Qf6+ Kd7 38. Rh7 Ke8 39.
Qh8+ Kd7 40. Nb3 b6 1-0

[Event "Skakligaen 2019-20"]
[Site "Denmark"]
[Date "2020.02.23"]
[Round "7.1"]
[White "Jacobsen, Mikkel Manosri"]
[Black "Ochsner, Bjorn Moller"]
[Result "1/2-1/2"]
[WhiteElo "2330"]
[BlackElo "2491"]
[PlyCount "91"]
[EventDate "2019.11.23"]
[EventType "team-tourn"]
[EventRounds "9"]
[WhiteTeam "BMS"]
[BlackTeam "Skanderborg"]
[WhiteTeamCountry "DEN"]
[BlackTeamCountry "DEN"]

1. d4 Nf6 2. c4 g6 3. Nc3 Bg7 4. Bg5 c5 5. d5 d6 6. Nf3 h6 7. Bh4 g5 8. Bg3 Nh5
9. Nd2 Qa5 10. Qc2 Na6 11. Rc1 Bd7 12. e3 Nxg3 13. hxg3 h5 14. a3 Nc7 15. Bd3
Bxc3 16. Qxc3 Qxc3 17. Rxc3 b5 18. Rc1 Rb8 19. b3 Kf8 20. Ne4 g4 21. Nc3 bxc4
22. Bxc4 Nb5 23. Bxb5 Bxb5 24. Kd2 Bd7 25. Rb1 Kg7 26. e4 e5 27. b4 cxb4 28.
Rxb4 a5 29. Rxb8 Rxb8 30. Kc2 f5 31. Rxh5 Kg6 32. Rh1 fxe4 33. Rb1 Rf8 34. Nxe4
Bf5 35. f3 Bxe4+ 36. fxe4 Rf2+ 37. Kd1 Rxg2 38. Rb3 Kf6 39. Rc3 Ke7 40. Ke1 Kd7
41. Kd1 Rb2 42. Ke1 Rb7 43. Kd2 Rb2+ 44. Ke1 Rb7 45. Kd2 Rb2+ 46. Ke1 1/2-1/2

[Event "Skakligaen 2019-20"]
[Site "Denmark"]
[Date "2020.02.23"]
[Round "7.2"]
[White "Olsen, Filip Boe"]
[Black "Haubro, Martin"]
[Result "0-1"]
[WhiteElo "2348"]
[BlackElo "2358"]
[PlyCount "102"]
[EventDate "2019.11.23"]
[EventType "team-tourn"]
[EventRounds "9"]
[WhiteTeam "Skanderborg"]
[BlackTeam "BMS"]
[WhiteTeamCountry "DEN"]
[BlackTeamCountry "DEN"]

1. d4 Nf6 2. c4 e6 3. Nc3 Bb4 4. e3 O-O 5. Bd3 d5 6. Nf3 b6 7. O-O Bb7 8. cxd5
exd5 9. a3 Bd6 10. b4 Nbd7 11. Qb3 Re8 12. a4 c6 13. Ba3 Rc8 14. Rfd1 g6 15. a5
Re7 16. Bb2 b5 17. Nd2 Qc7 18. h3 Rce8 19. Qc2 a6 20. e4 Bxb4 21. e5 Bxc3 22.
Qxc3 Nh5 23. Ba3 c5 24. dxc5 Nxe5 25. Bf1 f6 26. Rac1 Bc6 27. Bb2 Nf4 28. Nf3
Nd7 29. Nd4 Ne6 30. Nxe6 Rxe6 31. g3 Ne5 32. Bg2 Nc4 33. Ba1 Qxa5 34. Qd4 Rd8
35. h4 Ne5 36. h5 Qa4 37. hxg6 hxg6 38. Qd2 Qg4 39. Qh6 Qh5 40. Qf4 Ng4 41. Rd4
Qh2+ 42. Kf1 Ne5 43. Qd2 b4 44. Rxb4 d4 45. f3 Qxg3 46. Qa2 Bd5 47. Rxd4 Bxa2
48. Rxd8+ Kh7 49. Bxe5 Rxe5 50. c6 Bc4+ 51. Kg1 Re2 0-1

[Event "Skakligaen 2019-20"]
[Site "Denmark"]
[Date "2020.02.23"]
[Round "7.3"]
[White "Vesterli, Michael E"]
[Black "Pedersen, Nicolai Vesterbaek"]
[Result "0-1"]
[WhiteElo "2234"]
[BlackElo "2391"]
[PlyCount "80"]
[EventDate "2019.11.23"]
[EventType "team-tourn"]
[EventRounds "9"]
[WhiteTeam "BMS"]
[BlackTeam "Skanderborg"]
[WhiteTeamCountry "DEN"]
[BlackTeamCountry "DEN"]

1. d4 Nf6 2. c4 e6 3. Nf3 d5 4. Bg5 h6 5. Bxf6 Qxf6 6. e3 Bb4+ 7. Nc3 O-O 8.
Qb3 c5 9. cxd5 exd5 10. a3 Bxc3+ 11. Qxc3 c4 12. b3 Be6 13. Qb4 Nc6 14. Qc5
cxb3 15. Qb5 Qg6 16. Qxb3 Rfc8 17. Qd3 Bf5 18. Qd2 Be4 19. h4 Qg4 20. Qe2 Na5
21. Nd2 Qxe2+ 22. Bxe2 Bxg2 23. Rh2 Be4 24. Nxe4 dxe4 25. Bg4 Rc3 26. Bf5 Re8
27. h5 Nc4 28. Rh4 Nd6 29. Bg4 Re7 30. Bd1 b5 31. Kd2 Rec7 32. Ra2 a5 33. Be2
b4 34. axb4 axb4 35. Rh1 b3 36. Ra8+ Kh7 37. Rb1 Rc2+ 38. Ke1 Rc1+ 39. Rxc1
Rxc1+ 40. Kd2 b2 0-1

[Event "Skakligaen 2019-20"]
[Site "Denmark"]
[Date "2020.02.23"]
[Round "7.4"]
[White "Hansen, Mads"]
[Black "Seegert, Kristian"]
[Result "1/2-1/2"]
[WhiteElo "2408"]
[BlackElo "2234"]
[PlyCount "152"]
[EventDate "2019.11.23"]
[EventType "team-tourn"]
[EventRounds "9"]
[WhiteTeam "Skanderborg"]
[BlackTeam "BMS"]
[WhiteTeamCountry "DEN"]
[BlackTeamCountry "DEN"]

1. c4 e5 2. g3 Nc6 3. Nc3 Bc5 4. Bg2 a6 5. Nf3 d6 6. d3 h6 7. a3 Nf6 8. b4 Ba7
9. O-O O-O 10. Bb2 Nd4 11. e3 Nxf3+ 12. Bxf3 c6 13. d4 exd4 14. exd4 d5 15. c5
Bf5 16. a4 b6 17. Re1 a5 18. b5 bxc5 19. bxc6 cxd4 20. Nb5 Bc5 21. Rc1 Bb4 22.
Re5 Be6 23. Qxd4 Bd6 24. Ree1 Be7 25. Red1 Qb8 26. Qe3 Qd8 27. Qd3 Re8 28. Be5
Ng4 29. Bc7 Qc8 30. Bxd5 Bg5 31. Rc4 Bxd5 32. Qxd5 Nxf2 33. Kxf2 Qh3 34. Rh1
Re6 35. Bf4 Rd8 36. Bd6 Rde8 37. Nc3 Rf6+ 38. Bf4 Bxf4 39. Rxf4 Rxf4+ 40. gxf4
Qxc3 41. Rd1 Qe3+ 42. Kg2 Qxf4 43. Qf3 Qg5+ 44. Qg3 Re2+ 45. Kf1 Qxg3 46. hxg3
Rc2 47. Rd8+ Kh7 48. Rc8 Kg6 49. Ke1 Kf5 50. Kd1 Rc5 51. Kd2 Ke4 52. c7 Kf3 53.
Rg8 Rxc7 54. Rxg7 Rc4 55. Rxf7+ Kxg3 56. Rh7 Rh4 57. Ke3 h5 58. Rh8 Rh1 59.
Rg8+ Kh4 60. Ra8 Re1+ 61. Kf4 Rf1+ 62. Ke4 Kg4 63. Rxa5 h4 64. Ra8 Re1+ 65. Kd3
h3 66. Rg8+ Kf3 67. Rf8+ Kg2 68. Rg8+ Kh2 69. Kc4 Re3 70. Kb5 Rg3 71. Rh8 Kg2
72. a5 h2 73. Rxh2+ Kxh2 74. a6 Ra3 75. Kb6 Kg3 76. a7 Kf4 1/2-1/2

[Event "Skakligaen 2019-20"]
[Site "Denmark"]
[Date "2020.02.23"]
[Round "7.5"]
[White "Akdag, Dara Sevkan"]
[Black "Andersen, Jackie"]
[Result "1-0"]
[WhiteElo "2209"]
[BlackElo "2399"]
[PlyCount "69"]
[EventDate "2019.11.23"]
[EventType "team-tourn"]
[EventRounds "9"]
[WhiteTeam "BMS"]
[BlackTeam "Skanderborg"]
[WhiteTeamCountry "DEN"]
[BlackTeamCountry "DEN"]

1. f4 d5 2. Nf3 Nf6 3. g3 Bf5 4. Bg2 e6 5. O-O h6 6. d3 Bc5+ 7. e3 g5 8. d4 Bd6
9. c4 gxf4 10. exf4 dxc4 11. Nc3 c6 12. Ne5 h5 13. Nxc4 Be7 14. Ne3 Bh7 15. f5
Na6 16. Bh3 Bg8 17. Nc4 h4 18. g4 exf5 19. Rxf5 Nc7 20. Qe2 Ne6 21. g5 Nh5 22.
d5 cxd5 23. Rxd5 Qc7 24. Nb5 Qc6 25. Nbd6+ Bxd6 26. Nxd6+ Kf8 27. Bxe6 fxe6 28.
Rd4 Rd8 29. Bd2 Qc5 30. Qf2+ Ke7 31. Bb4 Qxg5+ 32. Kf1 Ng3+ 33. hxg3 hxg3 34.
Nc8+ Ke8 35. Qf8# 1-0

[Event "Skakligaen 2019-20"]
[Site "Denmark"]
[Date "2020.02.23"]
[Round "7.6"]
[White "Rostgaard, Tobias Valentin"]
[Black "Brorsen, Jacob Abildlund"]
[Result "1-0"]
[WhiteElo "2357"]
[BlackElo "2164"]
[PlyCount "73"]
[EventDate "2019.11.23"]
[EventType "team-tourn"]
[EventRounds "9"]
[WhiteTeam "Skanderborg"]
[BlackTeam "BMS"]
[WhiteTeamCountry "DEN"]
[BlackTeamCountry "DEN"]

1. e4 c5 2. Nf3 Nc6 3. Bb5 g6 4. Bxc6 dxc6 5. d3 Bg7 6. h3 Nf6 7. a4 Nd7 8. a5
Nf8 9. Nfd2 e5 10. Nb3 Qe7 11. Be3 Ne6 12. Nc3 Rb8 13. O-O O-O 14. Na4 b6 15.
axb6 axb6 16. Nd2 f5 17. f3 Nf4 18. Kh2 Be6 19. Qe1 Rf7 20. b4 cxb4 21. Nxb6 b3
22. Nxb3 Bxb3 23. cxb3 Nxd3 24. Qc3 Nf4 25. Qxc6 Rf6 26. Qc4+ Re6 27. Bxf4
Rbxb6 28. Be3 Rbc6 29. Ra8+ Bf8 30. Qd5 f4 31. Bc1 Qb7 32. Qd8 Rf6 33. Ba3 Ra6
34. Rb8 Qg7 35. Qd5+ Kh8 36. Bb2 Rad6 37. Qxe5 1-0

[Event "Skakligaen 2019-20"]
[Site "Denmark"]
[Date "2020.02.23"]
[Round "7.7"]
[White "Haubro, Sigfred"]
[Black "Boe, Mads"]
[Result "0-1"]
[WhiteElo "2089"]
[BlackElo "2280"]
[PlyCount "141"]
[EventDate "2019.11.23"]
[EventType "team-tourn"]
[EventRounds "9"]
[WhiteTeam "BMS"]
[BlackTeam "Skanderborg"]
[WhiteTeamCountry "DEN"]
[BlackTeamCountry "DEN"]

1. Nf3 d5 2. d4 Nf6 3. e3 Bf5 4. Be2 c6 5. O-O h6 6. c4 e6 7. Nbd2 Nbd7 8. a3
a5 9. b3 Be7 10. Bb2 O-O 11. Rc1 Bh7 12. c5 b6 13. b4 axb4 14. axb4 bxc5 15.
dxc5 Qc7 16. Re1 Rfe8 17. Ra1 Qb7 18. Bc3 Ne4 19. Nxe4 Bxe4 20. Nd4 Bf6 21. b5
Nxc5 22. bxc6 Qb6 23. Rc1 Rec8 24. f3 Bg6 25. f4 Be4 26. Qd2 Be7 27. Rf1 Na4
28. Ba1 Bb4 29. Qd1 Ba3 30. Rc2 Bxc2 31. Qxc2 Qc5 32. Qd2 Rab8 33. Ba6 Rc7 34.
Bb7 Rbxb7 35. cxb7 Rxb7 36. h3 Nb6 37. Qf2 Nc4 38. Nc2 Bb2 39. Rb1 Qa7 40. Bxb2
Rxb2 41. Rxb2 Nxb2 42. f5 Nd3 43. Qf1 Nc5 44. fxe6 fxe6 45. Qb5 Qe7 46. Nd4 Ne4
47. Qb8+ Kf7 48. Nf3 Qd6 49. Qb7+ Kf6 50. Qb2+ e5 51. Qb7 Nc5 52. Qb2 Ne6 53.
Qf2 Ke7 54. Qh4+ Kd7 55. Qh5 e4 56. Ne5+ Kc7 57. Qf7+ Kb6 58. Ng4 d4 59. exd4
Qxd4+ 60. Kf1 Qd1+ 61. Kf2 Qd2+ 62. Kg3 Qd6+ 63. Kf2 Qd4+ 64. Kg3 Nc5 65. Qf4
Nd3 66. Qb8+ Kc6 67. Qc8+ Kb5 68. Qf5+ Kb4 69. Kh4 Kc3 70. Kh5 e3 71. Qe6 0-1

[Event "Skakligaen 2019-20"]
[Site "Denmark"]
[Date "2020.02.23"]
[Round "7.8"]
[White "Brondt, Nicolai Kvist"]
[Black "Pallesen, Jacob"]
[Result "0-1"]
[WhiteElo "2244"]
[BlackElo "2043"]
[PlyCount "54"]
[EventDate "2019.11.23"]
[EventType "team-tourn"]
[EventRounds "9"]
[WhiteTeam "Skanderborg"]
[BlackTeam "BMS"]
[WhiteTeamCountry "DEN"]
[BlackTeamCountry "DEN"]

1. Nf3 d5 2. d4 Nf6 3. c4 e6 4. g3 c5 5. Bg2 Be7 6. O-O O-O 7. cxd5 exd5 8. b3
Nc6 9. Bb2 Bg4 10. Nbd2 Re8 11. Ne5 Bh5 12. Ndf3 Ne4 13. Rc1 Rc8 14. dxc5 Bxc5
15. Nxc6 Rxc6 16. Nd4 Rc7 17. Bf3 Bxf3 18. exf3 Ng5 19. Nb5 Rc6 20. h4 Nh3+ 21.
Kg2 Nf4+ 22. Kh2 Qd7 23. g4 Qe7 24. Kg3 Ne2+ 25. Kg2 Qxh4 26. Rxc5 Nf4+ 27. Kg1
Qh3 0-1

[Event "Skakligaen 2019-20"]
[Site "Denmark"]
[Date "2020.02.23"]
[Round "7.1"]
[White "Hansen, Sune Berg"]
[Black "Hillarp Persson, Tiger"]
[Result "1/2-1/2"]
[WhiteElo "2574"]
[BlackElo "2542"]
[PlyCount "36"]
[EventDate "2019.11.23"]
[EventType "team-tourn"]
[EventRounds "9"]
[WhiteTeam "Hillerod"]
[BlackTeam "Bronshoj"]
[WhiteTeamCountry "DEN"]
[BlackTeamCountry "DEN"]

1. d4 Nf6 2. Nf3 e6 3. e3 b6 4. Bd3 Bb7 5. O-O Be7 6. c4 O-O 7. Nc3 d5 8. cxd5
exd5 9. b3 Nbd7 10. Bb2 Re8 11. Qc2 Bf8 12. Rac1 a6 13. Ne2 c5 14. Rfd1 g6 15.
Ng3 Qe7 16. Qe2 Ne4 17. dxc5 Nxg3 18. hxg3 bxc5 1/2-1/2

[Event "Skakligaen 2019-20"]
[Site "Denmark"]
[Date "2020.02.23"]
[Round "7.2"]
[White "Bromann, Thorbjorn"]
[Black "Schandorff, Lars"]
[Result "1/2-1/2"]
[WhiteElo "2399"]
[BlackElo "2480"]
[PlyCount "39"]
[EventDate "2019.11.23"]
[EventType "team-tourn"]
[EventRounds "9"]
[WhiteTeam "Bronshoj"]
[BlackTeam "Hillerod"]
[WhiteTeamCountry "DEN"]
[BlackTeamCountry "DEN"]

1. d4 d5 2. Nc3 Nf6 3. Bf4 g6 4. Qd2 Bg7 5. Bh6 O-O 6. O-O-O c5 7. dxc5 Qa5 8.
Bxg7 Kxg7 9. e3 Qxc5 10. Qd4 Qxd4 11. exd4 a6 12. f3 Nc6 13. Nge2 Rd8 14. h4 h5
15. Nf4 Bf5 16. Nce2 Rac8 17. c3 Rc7 18. Ng3 Bc8 19. Kb1 e5 20. dxe5 1/2-1/2

[Event "Skakligaen 2019-20"]
[Site "Denmark"]
[Date "2020.02.23"]
[Round "7.3"]
[White "Borge, Nikolaj"]
[Black "Hoi, Carsten"]
[Result "0-1"]
[WhiteElo "2372"]
[BlackElo "2317"]
[PlyCount "90"]
[EventDate "2019.11.23"]
[EventType "team-tourn"]
[EventRounds "9"]
[WhiteTeam "Hillerod"]
[BlackTeam "Bronshoj"]
[WhiteTeamCountry "DEN"]
[BlackTeamCountry "DEN"]

1. e4 e6 2. d4 d5 3. exd5 exd5 4. Nf3 Nf6 5. Bd3 Bg4 6. O-O Be7 7. c3 O-O 8.
Nbd2 c5 9. h3 Bh5 10. dxc5 Bxc5 11. Nb3 Bb6 12. Bg5 Nc6 13. g4 Bg6 14. Bxg6
hxg6 15. Qd3 Qd7 16. Rad1 Rad8 17. Kg2 Rfe8 18. Bh4 Re4 19. Rfe1 Qe8 20. Kf1
Ne5 21. Nxe5 Qxe5 22. Bg3 Qe8 23. f3 Rxe1+ 24. Rxe1 Qa4 25. Ra1 Re8 26. Nd4
Bxd4 27. cxd4 Qc4 28. Qxc4 dxc4 29. Rc1 Nd5 30. Kf2 b5 31. a4 Nb4 32. Kf1 a6
33. axb5 axb5 34. Bf2 Ra8 35. b3 Nd3 36. Rc3 Ra1+ 37. Kg2 Ra2 38. bxc4 Nxf2 39.
Kg3 bxc4 40. Rxc4 Nd3 41. g5 f5 42. Rc3 f4+ 43. Kh4 Rd2 44. Rc4 Rh2 45. Kg4
Rg2+ 0-1

[Event "Skakligaen 2019-20"]
[Site "Denmark"]
[Date "2020.02.23"]
[Round "7.4"]
[White "Aabling Thomsen, Jakob"]
[Black "Pedersen, Steffen"]
[Result "1/2-1/2"]
[WhiteElo "2347"]
[BlackElo "2308"]
[PlyCount "83"]
[EventDate "2019.11.23"]
[EventType "team-tourn"]
[EventRounds "9"]
[WhiteTeam "Bronshoj"]
[BlackTeam "Hillerod"]
[WhiteTeamCountry "DEN"]
[BlackTeamCountry "DEN"]

1. e4 e5 2. Nf3 Nc6 3. g3 Nf6 4. d3 d5 5. exd5 Nxd5 6. Bg2 Be7 7. O-O O-O 8.
Re1 Bf6 9. Nbd2 Nb6 10. Ne4 Be7 11. Bd2 f5 12. Nc3 Bf6 13. Qc1 h6 14. a4 a5 15.
Nb5 Re8 16. Bc3 Nd5 17. Nd2 Nxc3 18. bxc3 Be6 19. Rb1 Qd7 20. Qb2 Rab8 21. Na3
b6 22. Ndc4 Bd5 23. Bxd5+ Qxd5 24. Ne3 Qe6 25. Nb5 Rbc8 26. Qb3 Qxb3 27. cxb3
Ne7 28. Re2 Red8 29. Rd1 Rd7 30. Nc4 Ng6 31. h4 h5 32. d4 exd4 33. cxd4 Ne7 34.
Red2 Rcd8 35. d5 Rxd5 36. Nxc7 Rxd2 37. Rxd2 Rxd2 38. Nxd2 Bd4 39. Ne6 Nc6 40.
Nf4 Ne5 41. Kf1 g6 42. Ke2 1/2-1/2

[Event "Skakligaen 2019-20"]
[Site "Denmark"]
[Date "2020.02.23"]
[Round "7.5"]
[White "Jaksland, Tim"]
[Black "Palm, Nikolaj"]
[Result "1/2-1/2"]
[WhiteElo "2218"]
[BlackElo "2282"]
[PlyCount "54"]
[EventDate "2019.11.23"]
[EventType "team-tourn"]
[EventRounds "9"]
[WhiteTeam "Hillerod"]
[BlackTeam "Bronshoj"]
[WhiteTeamCountry "DEN"]
[BlackTeamCountry "DEN"]

1. e4 e5 2. Nf3 Nc6 3. Bc4 Bc5 4. c3 d6 5. O-O Nf6 6. d3 a6 7. a4 O-O 8. Bg5 h6
9. Bh4 Be6 10. Nbd2 Ba7 11. Re1 Re8 12. b4 Kh7 13. Bb3 Bxb3 14. Qxb3 Qe7 15.
Nc4 g5 16. Bg3 Nh5 17. b5 Nd8 18. d4 f6 19. b6 Bxb6 20. Nxb6 cxb6 21. Qxb6 Rc8
22. Qb3 Ne6 23. Rab1 Rc7 24. Qb4 Nhf4 25. Bxf4 Nxf4 26. Re3 Rec8 27. g3 Ng6
1/2-1/2

[Event "Skakligaen 2019-20"]
[Site "Denmark"]
[Date "2020.02.23"]
[Round "7.6"]
[White "Laursen, Niels Norskov"]
[Black "Ostergaard, Jens"]
[Result "1/2-1/2"]
[WhiteElo "2251"]
[BlackElo "2228"]
[PlyCount "75"]
[EventDate "2019.11.23"]
[EventType "team-tourn"]
[EventRounds "9"]
[WhiteTeam "Bronshoj"]
[BlackTeam "Hillerod"]
[WhiteTeamCountry "DEN"]
[BlackTeamCountry "DEN"]

1. e4 c5 2. Nf3 Nc6 3. Bb5 g6 4. O-O Bg7 5. c3 e5 6. d4 cxd4 7. cxd4 exd4 8.
Bf4 a6 9. Ba4 b5 10. Bb3 d6 11. a4 b4 12. Nbd2 Nge7 13. Nc4 O-O 14. Nxd6 h6 15.
Nxc8 Rxc8 16. Bc4 Qb6 17. Qd3 b3 18. Bxa6 Nb4 19. Qb5 Qxa6 20. Qxb4 Qe6 21. Nd2
g5 22. Bg3 Rc2 23. Rad1 Ra8 24. Qxb3 Qxb3 25. Nxb3 Rxa4 26. Rd2 d3 27. Rxd3
Rxe4 28. Rd8+ Kh7 29. Re8 Rxb2 30. Nc5 Ree2 31. Bd6 Nf5 32. Rxe2 Rxe2 33. Bb8
Bd4 34. Nd3 Rd2 35. Ne5 Rb2 36. Nc6 Bf6 37. Be5 Bxe5 38. Nxe5 1/2-1/2

[Event "Skakligaen 2019-20"]
[Site "Denmark"]
[Date "2020.02.23"]
[Round "7.7"]
[White "Laursen, Christopher Hofman"]
[Black "Greger, Roland Reinhard"]
[Result "1/2-1/2"]
[WhiteElo "2257"]
[BlackElo "2276"]
[PlyCount "82"]
[EventDate "2019.11.23"]
[EventType "team-tourn"]
[EventRounds "9"]
[WhiteTeam "Hillerod"]
[BlackTeam "Bronshoj"]
[WhiteTeamCountry "DEN"]
[BlackTeamCountry "DEN"]

1. Nf3 Nf6 2. b3 c5 3. Bb2 Nc6 4. e3 e6 5. Bb5 b6 6. Bxc6 dxc6 7. O-O Bd6 8.
Ne5 Ba6 9. d3 Qc7 10. f4 Nd5 11. Qe2 Ne7 12. Nd2 f6 13. Nec4 Bxc4 14. Nxc4 b5
15. Nxd6+ Qxd6 16. e4 O-O 17. Qe3 a5 18. a4 b4 19. Qg3 Ng6 20. Rae1 Rad8 21.
Bc1 Rf7 22. Kh1 Qe7 23. f5 Nf8 24. e5 Rd5 25. exf6 Qxf6 26. Bg5 Qd4 27. fxe6
Nxe6 28. Qb8+ Rf8 29. Rxf8+ Nxf8 30. Be3 Qf6 31. Kg1 h6 32. Qa8 Rf5 33. Qxa5
Qc3 34. Rf1 Rxf1+ 35. Kxf1 Qxc2 36. Bxc5 Ne6 37. Bxb4 Nf4 38. Bd2 Qxd3+ 39. Kg1
Qd4+ 40. Kf1 Qd3+ 41. Kg1 Qd4+ 1/2-1/2

[Event "Skakligaen 2019-20"]
[Site "Denmark"]
[Date "2020.02.23"]
[Round "7.8"]
[White "Holmsgaard, Henrik"]
[Black "Erlandsen, Carsten"]
[Result "1-0"]
[WhiteElo "2221"]
[BlackElo "2058"]
[PlyCount "61"]
[EventDate "2019.11.23"]
[EventType "team-tourn"]
[EventRounds "9"]
[WhiteTeam "Bronshoj"]
[BlackTeam "Hillerod"]
[WhiteTeamCountry "DEN"]
[BlackTeamCountry "DEN"]

1. e4 c5 2. c3 Nf6 3. e5 Nd5 4. Nf3 d6 5. d4 cxd4 6. Qxd4 e6 7. Nbd2 a6 8. exd6
Nc6 9. Qe4 Bxd6 10. Nc4 Be7 11. a4 f5 12. Qe2 Bf6 13. Bd2 Qc7 14. g3 O-O 15.
Bg2 Bd7 16. O-O Rfe8 17. Rfe1 Rad8 18. Bg5 e5 19. Bxf6 gxf6 20. Nh4 Nde7 21.
Qh5 Be6 22. Ne3 Qc8 23. Bh3 Bf7 24. Qh6 Bg6 25. Nxg6 hxg6 26. g4 f4 27. g5 f5
28. Nxf5 gxf5 29. g6 Qe6 30. Qh7+ Kf8 31. g7+ 1-0

[Event "Skakligaen 2019-20"]
[Site "Denmark"]
[Date "2020.02.23"]
[Round "7.1"]
[White "Jepson, Christian"]
[Black "Thybo, Jesper Sondergaard"]
[Result "0-1"]
[WhiteElo "2383"]
[BlackElo "2574"]
[PlyCount "94"]
[EventDate "2019.11.23"]
[EventType "team-tourn"]
[EventRounds "9"]
[WhiteTeam "Nordkalotten"]
[BlackTeam "Jetsmark"]
[WhiteTeamCountry "DEN"]
[BlackTeamCountry "DEN"]

1. e4 c5 2. Nf3 e6 3. d4 cxd4 4. Nxd4 Nc6 5. Nc3 Qc7 6. g3 a6 7. Bg2 Nf6 8. O-O
Nxd4 9. Qxd4 Bc5 10. Bf4 d6 11. Qd2 h6 12. Rad1 e5 13. Be3 Be6 14. Bxc5 dxc5
15. Nd5 Bxd5 16. exd5 Qd6 17. f4 O-O 18. fxe5 Qxe5 19. c4 Qd6 20. Qf4 Rfd8 21.
a4 a5 22. Rd3 Qxf4 23. Rxf4 Rd6 24. Rb3 b6 25. Re3 Kf8 26. Rf1 Re8 27. Rfe1
Rdd8 28. Bf3 Rxe3 29. Rxe3 Ne8 30. Rb3 Rb8 31. d6 Nxd6 32. Bd5 Ke7 33. Kf2 Kd7
34. g4 f6 35. h4 Kc7 36. Re3 Re8 37. Be6 g5 38. h5 Re7 39. Kf3 Ne8 40. Bf5
Rxe3+ 41. Kxe3 Nd6 42. Be6 Kd8 43. Bg8 Ke7 44. Kf3 f5 45. gxf5 Kf6 46. Bh7 Nxc4
47. b3 Nd2+ 0-1